Getting a life: strategies for joyful and effective living

Guardat en:
Dades bibliogràfiques
Autor principal: Macdonald, Copthorne (Autor)
Format: Llibre
Idioma:anglès
Publicat: Toronto Hounslow 1995
Matèries:
Etiquetes: Afegir etiqueta
Sense etiquetes, Sigues el primer a etiquetar aquest registre!

MARC

LEADER 00000cam a2200000 a 4500
001 UCF5687
003 CL-VaPUC
008 130322e19950000CN |||||||||||||||||eng|d
020 |a 0888821786 
082 0 4 |a 158  |b MAC  |2 21 
100 0 |a Macdonald, Copthorne  |e author  |9 567665 
245 1 0 |a Getting a life: strategies for joyful and effective living 
300 |a 118 p 
942 |c BK 
945 |d 20130322 00:00:00  |a cmena 
260 |a Toronto  |b Hounslow  |c 1995 
650 0 |a Conducta humana   |9 269906 
650 0 |a Desarrollo Personal  |9 390751 
650 0 |a Felicidad  |9 257029 
583 |a last modification  |c 20160307 01:09:44  |k Rodrigo Vera 
999 |c 351145  |d 351143 
952 |0 0  |1 0  |4 0  |6 158_000000000000000_MAC_1995  |7 0  |8 A  |9 455103  |a BIBEDU  |b BIBEDU  |d 2019-11-22  |i 4956362  |l 1  |o 158 MAC 1995  |p 4956362  |r 2022-09-26  |s 2022-09-15  |w 2019-11-22  |y BK  |k PSI